000 00548nam a22001817a 4500
005 20251108164256.0
008 250721s1992 xx 000 0 ara d
082 1 4 _a623.893/رفع
100 1 _aرشاد، رفعت
245 1 0 _aأنظمة و أجهزة الملاحة الإلكترونية /
250 _aط2.
264 1 _aالاسكندرية :
_bمنشأة المعارف،
_c1992.
300 _a486ص
650 1 7 _aالهندسة الإلكترونية
650 1 7 _aالملاحة البحرية
942 _2ddc
_cBK
999 _c8124
_d8124